Konsole do gier video - Statystyki

Ogólne statystyki
  • Ten quiz został rozwiązany 1 126 razy
    43 od ostatniego zresetowania
  • Średni wynik to 21 z 61
Statystyki odpowiedzi
Producent Typ Konsoli Odpowiedź % Poprawnych
Sony Stacjonarna PlayStation 4
90%
Microsoft Stacjonarna Xbox
90%
Sony Stacjonarna PlayStation 2
86%
Sony Stacjonarna PlayStation 3
86%
Sony Stacjonarna PlayStation 5
86%
Microsoft Stacjonarna Xbox 360
86%
Microsoft Stacjonarna Xbox One
79%
Sony Stacjonarna PlayStation
72%
Nintendo Stacjonarna/Przenośna Switch
72%
Sony Przenośna PlayStation Portable
69%
Microsoft Stacjonarna Xbox Series X
66%
Nintendo Przenośna Gameboy
62%
Sony Przenośna PlayStation Vita
62%
Nintendo Stacjonarna Wii
59%
Nintendo Przenośna 3DS
55%
Nintendo Stacjonarna Nintendo 64
55%
Nintendo Stacjonarna Nintendo Entertaining System
55%
Nintendo Przenośna Nintendo DS
52%
Nintendo Stacjonarna/Przenośna Switch 2
52%
Nintendo Stacjonarna WiiU
52%
Sega Stacjonarna Mega Drive
48%
Nintendo Stacjonarna GameCube
45%
Sega Stacjonarna Saturn
45%
Nintendo Przenośna Gameboy Color
41%
Nintendo Stacjonarna Super Nintendo Entertaining System
41%
Sega Stacjonarna Dreamcast
38%
Sega Stacjonarna Master System
31%
Nokia Przenośna N-Gage
31%
Atari Stacjonarna Atari 2600
28%
Atari Stacjonarna Jaguar
28%
3DO Stacjonarna R.E.A.L
28%
Sega Przystawka Mega CD
21%
Atari Stacjonarna Atari 5200
17%
Nintendo Przenośna GameBoy Advanced
17%
Sega Przenośna GameGear
17%
Nintendo Przenośna Virtualboy
17%
Sega Przystawka 32X
14%
Commodore Stacjonarna Amiga CD-32
14%
Atari Przystawka Jaguar CD
14%
Atari Przenośna Lynx
14%
SNK Stacjonarna Neo Geo
14%
Atari Stacjonarna Pong
14%
Philips Stacjonarna CD-i
10%
Coleco Stacjonarna Colecovision
10%
Fairchild Semiconductor Stacjonarna Fairchild Channel F
10%
Tiger Przenośna Game.com
10%
SNK Przystawka Neo Geo CD
10%
Apple i Bandai Stacjonarna Pippin
10%
Atari Stacjonarna Atari 7800
7%
Atari Stacjonarna Atari VCS
7%
Matell Stacjonarna Intellivision
7%
Sega Przenośna Nomad
7%
Magnavox Stacjonarna Odyssey
7%
Boxer8 Stacjonarna Ouya
7%
NEC Przystawka Turbo CD
7%
NEC Przenośna TurboExpress
7%
NEC/Hudson Stacjonarna Turbografx-16
7%
Western Technologies/Smith Engineering Stacjonarna Vectrex
7%
Tiger Telematics Przenośna Gizmondo
3%
Blaze Entertainment Przenośna i Stacjonarna Evercade
0%
Tiger Przenośna R-Zone
0%
Nie znaleziono quizów pasujących do podanych kryteriów
Rozkład punktacji
Procent ludzi z każdym wynikiem
Percentyl według liczby udzielonych odpowiedzi
Twoja historia wyników
Nie rozwiązałeś tego quizu od ostatniego zresetowania